| 000 | 01206nam a2200349 i 4500 | ||
|---|---|---|---|
| 001 | 10934 | ||
| 003 | KOSZ 005 | ||
| 005 | 20220127085133.0 | ||
| 008 | 070620s1966 pl a f f 001 0 pol | ||
| 015 | _aPB 1966/6389 | ||
| 040 |
_aWA N _cWA N _dKOSZ 005/RW _dKOSZ 005/HR |
||
| 046 | _k1966 | ||
| 080 | _a519.2 | ||
| 080 | _a(075.8) | ||
| 100 | 1 |
_aZubrzycki, Stefan _d(1927-1968) _eAutor |
|
| 245 | 1 | 0 |
_aWykłady z rachunku prawdopodobieństwa i statystyki matematycznej / _cStefan Zubrzycki. |
| 260 |
_aWarszawa : _bPaństwowe Wydawnictwo Naukowe, _c1966. |
||
| 300 |
_a334, [2] s. : _bil. ; _c25 cm. |
||
| 380 | _aKsiążki. | ||
| 380 | _aPublikacje dydaktyczne | ||
| 388 | _a1901-2000 | ||
| 490 | 1 |
_aBiblioteka Matematyczna ; _vt. 27. |
|
| 504 | _aBibliogr. s. [327]. Indeks. | ||
| 658 | _aMatematyka | ||
| 655 | _aPodręczniki akademickie | ||
| 650 | 4 | _aStatystyka matematyczna | |
| 650 | 4 | _aRachunek prawdopodobieństwa | |
| 710 | 2 |
_aPaństwowe Wydawnictwo Naukowe _4pbl. |
|
| 830 | 0 |
_aBiblioteka Matematyczna, _vt. 27. |
|
| 856 |
_uhttp://koha.tu.koszalin.pl/cgi-bin/koha/opac-detail.pl?biblionumber=10934 _yKatalog online BPK |
||
| 942 |
_2UKD _cKS |
||
| 999 |
_c10934 _d10934 |
||